00217nam a2200097Ia 4500008004100000041000800041100000900049245003200058650001000090999001900100230605s9999 xx 000 0 und d aeng aLobo aFruit and Vegetable Carving aF. P. c417034d417034